| 000 | 02394nam a2200229Ia 4500 | ||
|---|---|---|---|
| 003 | Ost | ||
| 005 | 20260507075707.0 | ||
| 008 | 260507s9999||||xx |||||||||||||| ||und|| | ||
| 020 | _a978994704554 | ||
| 040 | _cfsecg | ||
| 041 | _aara | ||
| 082 | _a330.15 | ||
| 100 |
_aبوسعدة، سعيدة _eمؤلف |
||
| 245 | 0 |
_aمبادئ التحليل الاقتصادي الجزئي / _c سعيدة بوسعدة |
|
| 260 |
_aالجزائر: _bدار هومة, _c2016 |
||
| 300 |
_a228 صفحة؛ _bإيضاحات ؛ _c24 سم |
||
| 504 | _aمراجع ص.219 | ||
| 520 | _aمفاهيم أساسية ، مقدمة في الطلب ، العرض و التوازن، قياس المرونات/مرونة العرض و مرونة الطلب ، تطبيقات على توازن السوق ، نظرية المستهلك/مدخل المنفعة ، نظرية المستهلك/مدخل منحنيات السواء: مفهوم منحنيات السواء،الخيار الأمثل للمستهلك ، التبادل ، منحنى الاستهلاك - الدخل و منحنى إنجل ، منحمى الاستهلاك - السعر و منحنى طلب المستهلك ، فصل الأثرين الإحلالي و الدخل لتغيير السعر ، الحالات الاستثنائية و تطورات نظرية الطلب ، تقييم نظرية منحنيات السواءكما تم التطري الى نظرية الانتاج : تحليل سلوك المنتج في الأمد القصير و في المدى الطويل و منحنى توسيع الانتاج و تابع الانتاج كوب دوغلاسو كذا نظرية التكاليف : تكاليف الانتاج في الفترة قصيرة الأجل و في الفترة طويلة الأمد و مثلوية التكاليف و إيجاد التكلفة كدالة لحجم الانتاج لمنتج ذو دالة أنتاج من نوع كوب دوغلاسكما تم التطرق الى تابع الايراد و نظم السوق ، توازن المنتج في ظل سوق المنافسة التامة ، توازن المنتج في سوق الاحتكار التام ، توازن المنتج في سوق تسودها المنافسة ، توازن المنتج في وق احتكار القلة. | ||
| 653 | _aالاقتصاد التحليلي | ||
| 653 | _aالاقتصاد الجزئي | ||
| 942 | _cكتاب | ||
| 999 |
_c45875 _d45875 |
||